000 00553nam a2200181Ia 4500
999 _c14771
_d14771
003 OSt
005 20231227160751.0
008 190216s9999||||xx |||||||||||||| ||und||
020 _a9780199535873
040 _coclc
082 _a822.33
_bSHA/O
100 1 _aShakespeare, William,
_d1564-1616
_vAdaptations
_974
245 0 _aOthello, The Moore Of Venice /
_cWilliam Shakespeare
260 _bOxford University Press,
_c2008.
_aNew YORK:
300 _a500p
650 _aEnglish
942 _cBK
_2ddc
_h822.33
_iSHA/O
_k822.33
_mSHA/O